[Event "Prague Open 2022 - A IM Open"]
[Site "Olympik hotel, Prague"]
[Date "2022.01.07"]
[Round "1"]
[Board "1"]
[White "Urkedal, Frode Olav Olsen"]
[Black "Pacl, Vaclav"]
[Result "1-0"]
[WhiteElo "2553"]
[BlackElo "2018"]
[PlyCount "0"]
[EventDate "2022.01.07"]
[EventRounds "9"]
[EventCountry "CZE"]

1. d4 {[%clk 1:30:54]} Nf6 {[%clk 1:28:26]} 2. c4 {[%clk 1:30:50]} Nc6
{[%clk 1:28:05]} 3. Nf3 {[%clk 1:31:07]} e6 {[%clk 1:28:21]} 4. Nc3
{[%clk 1:31:05]} Bb4 {[%clk 1:28:41]} 5. Bd2 {[%clk 1:30:53]} O-O
{[%clk 1:26:04]} 6. Qc2 {[%clk 1:30:15]} d6 {[%clk 1:23:30]} 7. a3
{[%clk 1:30:35]} Bxc3 {[%clk 1:23:54]} 8. Bxc3 {[%clk 1:31:00]} Qe7
{[%clk 1:23:20]} 9. e3 {[%clk 1:29:37]} e5 {[%clk 1:21:46]} 10. d5
{[%clk 1:29:35]} Nb8 {[%clk 1:16:41]} 11. Be2 {[%clk 1:27:32]} Nbd7
{[%clk 1:15:29]} 12. e4 {[%clk 1:24:36]} Ne8 {[%clk 1:08:43]} 13. Nd2
{[%clk 1:22:59]} g6 {[%clk 1:08:26]} 14. h4 {[%clk 1:23:20]} Ng7 {[%clk 1:07:03]}
15. g4 {[%clk 1:17:49]} a5 {[%clk 1:03:48]} 16. h5 {[%clk 1:16:32]} a4
{[%clk 1:03:06]} 17. O-O-O {[%clk 1:15:03]} Nc5 {[%clk 1:03:11]} 18. hxg6
{[%clk 1:03:15]} fxg6 {[%clk 1:02:41]} 19. Rh2 {[%clk 1:03:38]} Ne8
{[%clk 1:00:41]} 20. Rdh1 {[%clk 1:02:30]} Rf7 {[%clk 1:00:36]} 21. Kb1
{[%clk 0:59:36]} Nf6 {[%clk 0:57:56]} 22. f3 {[%clk 0:57:46]} Nfd7
{[%clk 0:58:13]} 23. Qc1 {[%clk 0:51:10]} c6 {[%clk 0:52:04]} 24. Nf1
{[%clk 0:48:01]} cxd5 {[%clk 0:51:40]} 25. cxd5 {[%clk 0:48:26]} Nf8
{[%clk 0:51:42]} 26. Qe3 {[%clk 0:47:38]} Bd7 {[%clk 0:46:48]} 27. Nd2
{[%clk 0:47:50]} b5 {[%clk 0:46:43]} 28. Rc1 {[%clk 0:46:27]} Be8
{[%clk 0:45:54]} 29. Rhh1 {[%clk 0:43:49]} Qd8 {[%clk 0:45:24]} 30. Bxe5
{[%clk 0:43:36]} dxe5 31. Rxc5 {[%clk 0:40:33]} Rb7 {[%clk 0:41:00]} 32. Qc3
{[%clk 0:35:24]} Qb8 {[%clk 0:40:48]} 33. Qb4 {[%clk 0:34:20]} Qa7
{[%clk 0:37:32]} 34. Rhc1 {[%clk 0:31:33]} Rab8 {[%clk 0:37:36]} 35. Ka2
{[%clk 0:27:03]} g5 {[%clk 0:37:09]} 36. Nf1 {[%clk 0:25:51]} Ng6
{[%clk 0:36:52]} 37. Ng3 {[%clk 0:26:01]} Nf4 {[%clk 0:37:14]} 38. Bf1
{[%clk 0:26:26]} h5 {[%clk 0:37:07]} 39. gxh5 {[%clk 0:26:41]} Nxh5
{[%clk 0:36:53]} 40. Nxh5 {[%clk 0:26:46]} Bxh5 {[%clk 0:37:12]} 41. Qd2
{[%clk 0:25:26]} Rg7 {[%clk 0:35:31]} 42. Qh2 {[%clk 0:25:32]} Bxf3
{[%clk 0:34:03]} 43. Rc8+ {[%clk 0:25:43]}  1-0

[Event "Prague Open 2022 - A IM Open"]
[Site "Olympik hotel, Prague"]
[Date "2022.01.07"]
[Round "1"]
[Board "2"]
[White "Brhel, Jan"]
[Black "Pijpers, Arthur"]
[Result "0-1"]
[WhiteElo "2016"]
[BlackElo "2486"]
[PlyCount "0"]
[EventDate "2022.01.07"]
[EventRounds "9"]
[EventCountry "CZE"]

1. d4 {[%clk 1:30:45]} Nf6 {[%clk 1:30:54]} 2. c4 {[%clk 1:30:23]} g6
{[%clk 1:31:18]} 3. Nc3 {[%clk 1:30:47]} d5 {[%clk 1:31:13]} 4. cxd5
{[%clk 1:30:15]} Nxd5 {[%clk 1:31:38]} 5. e4 {[%clk 1:30:37]} Nxc3
{[%clk 1:32:04]} 6. bxc3 {[%clk 1:30:59]} Bg7 {[%clk 1:32:32]} 7. Bc4
{[%clk 1:31:17]} c5 {[%clk 1:32:34]} 8. Ne2 {[%clk 1:31:38]} Nc6 {[%clk 1:32:41]}
9. Be3 {[%clk 1:31:52]} O-O {[%clk 1:33:06]} 10. O-O {[%clk 1:31:46]} b6
{[%clk 1:33:11]} 11. Rb1 {[%clk 1:28:31]} cxd4 {[%clk 1:25:37]} 12. cxd4
{[%clk 1:28:52]} Na5 {[%clk 1:25:58]} 13. Bd3 {[%clk 1:26:42]} e6
{[%clk 1:20:00]} 14. Qd2 {[%clk 1:20:13]} Bb7 {[%clk 1:14:34]} 15. Bh6
{[%clk 1:15:46]} Rc8 {[%clk 1:13:26]} 16. Rbc1 {[%clk 1:02:33]} Qe7
{[%clk 0:45:49]} 17. Bxg7 {[%clk 0:54:58]} Kxg7 {[%clk 0:45:55]} 18. Rxc8
{[%clk 0:53:28]} Rxc8 {[%clk 0:46:16]} 19. Rc1 {[%clk 0:53:18]} Rxc1+
{[%clk 0:32:52]} 20. Qxc1 {[%clk 0:53:39]} Qb4 {[%clk 0:33:14]} 21. h4
{[%clk 0:53:15]} Nc6 {[%clk 0:28:34]} 22. h5 {[%clk 0:42:23]} gxh5
{[%clk 0:17:23]} 23. e5 {[%clk 0:19:46]} Kf8 {[%clk 0:13:18]} 24. a3
{[%clk 0:14:33]} Qa4 {[%clk 0:10:23]} 25. Qh6+ {[%clk 0:13:03]} Ke8
{[%clk 0:10:48]} 26. Qxh7 {[%clk 0:08:10]} Qxa3 {[%clk 0:08:34]} 27. Nf4
{[%clk 0:05:47]} Qc1+ {[%clk 0:08:35]}  0-1

[Event "Prague Open 2022 - A IM Open"]
[Site "Olympik hotel, Prague"]
[Date "2022.01.07"]
[Round "1"]
[Board "3"]
[White "Mirzoev, Azer"]
[Black "Cap, Piotr"]
[Result "1-0"]
[WhiteElo "2432"]
[BlackElo "2014"]
[PlyCount "0"]
[EventDate "2022.01.07"]
[EventRounds "9"]
[EventCountry "CZE"]

1. d4 {[%clk 1:30:54]} d6 {[%clk 1:30:24]} 2. e4 {[%clk 1:31:14]} Nf6
{[%clk 1:30:23]} 3. Nc3 {[%clk 1:31:37]} g6 {[%clk 1:30:20]} 4. Be3
{[%clk 1:32:00]} Bg7 {[%clk 1:30:23]} 5. Qd2 {[%clk 1:32:18]} a6 {[%clk 1:28:52]}
6. Bh6 {[%clk 1:32:34]} Bxh6 {[%clk 1:27:11]} 7. Qxh6 {[%clk 1:32:53]} b5
{[%clk 1:25:16]} 8. f3 {[%clk 1:33:02]} e5 {[%clk 1:24:12]} 9. Nge2
{[%clk 1:31:58]} Qe7 {[%clk 1:21:12]} 10. dxe5 {[%clk 1:27:10]} dxe5
{[%clk 1:20:20]} 11. O-O-O {[%clk 1:27:32]} Bb7 {[%clk 1:17:16]} 12. h4
{[%clk 1:20:15]} Nbd7 {[%clk 1:13:41]} 13. g4 {[%clk 1:20:05]} Qf8
{[%clk 1:11:21]} 14. Qd2 {[%clk 1:17:53]} Nb6 {[%clk 1:08:45]} 15. Ng3
{[%clk 1:11:49]} h5 {[%clk 1:03:45]} 16. g5 {[%clk 0:59:30]} Nfd7
{[%clk 1:02:47]} 17. Bh3 {[%clk 0:59:53]} Qe7 {[%clk 0:57:40]} 18. Nd5
{[%clk 0:57:52]} Bxd5 {[%clk 0:57:58]} 19. exd5 {[%clk 0:58:09]} Nc4
{[%clk 0:56:14]} 20. Qc3 {[%clk 0:58:17]} Ndb6 {[%clk 0:52:24]} 21. b3
{[%clk 0:46:04]} Qa3+ {[%clk 0:49:40]} 22. Kb1 {[%clk 0:46:30]} Na4
{[%clk 0:44:26]} 23. Qa1 {[%clk 0:46:51]} Rb8 {[%clk 0:38:08]} 24. Ne4
{[%clk 0:39:50]} O-O {[%clk 0:36:31]} 25. Rhe1 {[%clk 0:34:22]} Nab2
{[%clk 0:27:57]} 26. Rc1 {[%clk 0:28:59]} Rfd8 {[%clk 0:25:36]} 27. Bf1
{[%clk 0:28:48]} Rxd5 {[%clk 0:22:36]} 28. Bxc4 {[%clk 0:29:05]} Nxc4
{[%clk 0:22:14]} 29. Qc3 {[%clk 0:29:27]} Nd2+ {[%clk 0:17:38]} 30. Nxd2
{[%clk 0:29:30]} b4 {[%clk 0:17:02]} 31. Qa1 {[%clk 0:23:39]} Rxd2
{[%clk 0:16:54]} 32. Qxe5 {[%clk 0:23:59]} Rb5 {[%clk 0:12:03]} 33. Qf6
{[%clk 0:15:28]} Rb8 {[%clk 0:10:23]} 34. Re7 {[%clk 0:12:53]} Rf8
{[%clk 0:10:18]} 35. Rxc7 {[%clk 0:11:51]} Qa5 {[%clk 0:09:39]} 36. Qf4
{[%clk 0:10:27]} Rd5 {[%clk 0:07:16]} 37. Rc4 {[%clk 0:10:09]} Rb5
{[%clk 0:06:42]} 38. Re1 {[%clk 0:09:48]} Qb6 {[%clk 0:06:43]} 39. Kb2
{[%clk 0:08:31]} a5 {[%clk 0:07:00]} 40. Re5 {[%clk 0:08:21]} Rxe5
{[%clk 0:01:36]} 41. Qxe5 {[%clk 0:08:42]} a4 {[%clk 0:30:09]} 42. bxa4
{[%clk 0:38:18]} Qb7 {[%clk 0:26:09]} 43. Qe4 Qd7 44. Rxb4 {[%clk 0:37:39]} Re8
{[%clk 0:25:48]} 45. Qd3 {[%clk 0:37:23]} Qe7 {[%clk 0:25:22]} 46. a3
{[%clk 0:37:44]} Qe5+ {[%clk 0:25:15]} 47. Qd4 {[%clk 0:38:04]} Qg3
{[%clk 0:24:35]} 48. Qf4 {[%clk 0:38:13]} Qe1 {[%clk 0:24:24]} 49. Rb8
{[%clk 0:36:30]}  1-0

[Event "Prague Open 2022 - A IM Open"]
[Site "Olympik hotel, Prague"]
[Date "2022.01.07"]
[Round "1"]
[Board "6"]
[White "Van de Lagemaat, Arend"]
[Black "Jurcik, Marian"]
[Result "0-1"]
[WhiteElo "2008"]
[BlackElo "2397"]
[PlyCount "0"]
[EventDate "2022.01.07"]
[EventRounds "9"]
[EventCountry "CZE"]

1. d4 {[%clk 1:30:56]} Nf6 {[%clk 1:29:25]} 2. Nf3 {[%clk 1:31:19]} d5
{[%clk 1:29:18]} 3. g3 {[%clk 1:31:42]} c5 {[%clk 1:28:44]} 4. Bg2
{[%clk 1:32:02]} cxd4 {[%clk 1:28:00]} 5. O-O {[%clk 1:31:38]} h6
{[%clk 1:26:36]} 6. b3 {[%clk 1:30:43]} Bg4 {[%clk 1:23:27]} 7. Nxd4
{[%clk 1:22:09]} e5 {[%clk 1:22:01]} 8. Nf3 {[%clk 1:18:53]} Nc6 {[%clk 1:21:57]}
9. Bb2 {[%clk 1:17:51]} Qc7 {[%clk 1:20:19]} 10. c4 {[%clk 1:04:00]} d4
{[%clk 1:18:26]} 11. Na3 {[%clk 1:02:18]} Bc5 {[%clk 1:16:16]} 12. h3
{[%clk 0:54:36]} Bh5 {[%clk 1:14:11]} 13. Nc2 {[%clk 0:48:20]} O-O
{[%clk 1:13:41]} 14. Nh4 {[%clk 0:44:20]} e4 {[%clk 1:08:55]} 15. b4
{[%clk 0:38:31]} d3 {[%clk 0:57:24]} 16. bxc5 {[%clk 0:36:59]} dxe2
{[%clk 0:56:34]} 17. Qd6 {[%clk 0:35:45]} exf1=Q+ {[%clk 0:56:04]} 18. Kxf1
{[%clk 0:33:37]} Ne8 {[%clk 0:52:27]} 19. Qd5 {[%clk 0:31:30]} Bf3
{[%clk 0:51:38]} 20. Nxf3 {[%clk 0:27:45]} exf3 {[%clk 0:52:01]} 21. Qxf3
{[%clk 0:26:12]} Rd8 {[%clk 0:47:07]} 22. Re1 {[%clk 0:23:44]} Qd7
{[%clk 0:39:46]} 23. Ne3 {[%clk 0:20:15]} Qd3+ {[%clk 0:27:23]} 24. Kg1
{[%clk 0:20:08]} Qd2 {[%clk 0:25:14]} 25. Rb1 {[%clk 0:15:53]} Qa5
{[%clk 0:16:35]} 26. Qf5 {[%clk 0:11:48]} Ne7 {[%clk 0:11:58]} 27. Qh5
{[%clk 0:08:27]} b6 {[%clk 0:07:30]} 28. Be4 {[%clk 0:04:37]} Qxc5
{[%clk 0:07:35]} 29. Qh4 {[%clk 0:03:59]} Qg5 {[%clk 0:05:08]} 30. Qxg5
{[%clk 0:03:48]} hxg5 {[%clk 0:05:36]} 31. Ba3 {[%clk 0:03:41]} Nd6
{[%clk 0:05:49]} 32. Bd3 {[%clk 0:03:19]} Rfe8 {[%clk 0:06:04]} 33. c5
{[%clk 0:03:03]} bxc5 {[%clk 0:04:41]} 34. Bxc5 {[%clk 0:03:10]} Nc6
{[%clk 0:03:33]} 35. Rb3 {[%clk 0:02:26]} Ne4 {[%clk 0:03:29]} 36. Bxe4
{[%clk 0:01:26]} Rxe4 {[%clk 0:03:56]} 37. Rb7 {[%clk 0:01:18]} a5
{[%clk 0:02:51]} 38. Rc7 {[%clk 0:01:27]} Nb4 {[%clk 0:02:44]} 39. Ra7
{[%clk 0:01:09]} Nc6 {[%clk 0:00:35]} 40. Ra6 {[%clk 0:00:38]} Re6
{[%clk 0:00:36]} 41. Kg2 {[%clk 0:24:29]} Rc8 {[%clk 0:26:58]} 42. Ba3
{[%clk 0:17:53]} Re5 {[%clk 0:24:27]} 43. Bd6 {[%clk 0:15:57]} Nb4
{[%clk 0:19:54]} 44. Ra7 {[%clk 0:15:40]} Re6 {[%clk 0:19:24]} 45. Bxb4
{[%clk 0:11:31]} axb4 {[%clk 0:19:50]} 46. Rb7 {[%clk 0:11:02]} Ra8
{[%clk 0:15:10]} 47. Rxb4 {[%clk 0:10:50]} Rxa2 {[%clk 0:15:37]} 48. Rb3
{[%clk 0:09:06]} g6 {[%clk 0:14:43]} 49. Rc3 {[%clk 0:07:01]} Kg7
{[%clk 0:14:50]} 50. g4 {[%clk 0:06:22]} Rf6 {[%clk 0:14:11]} 51. Rc2
{[%clk 0:06:31]} Rxc2 {[%clk 0:13:40]} 52. Nxc2 {[%clk 0:06:59]} Ra6
{[%clk 0:12:57]} 53. Nd4 {[%clk 0:07:10]} Ra3 {[%clk 0:12:19]} 54. Nf3
{[%clk 0:07:13]} Kf6 {[%clk 0:12:23]} 55. Kg3 {[%clk 0:06:53]} Ke6
{[%clk 0:12:01]} 56. Kg2 {[%clk 0:07:02]} f6 {[%clk 0:12:11]} 57. Ng1
{[%clk 0:02:41]} Ke5 {[%clk 0:11:57]} 58. f3 {[%clk 0:02:36]} Kf4
{[%clk 0:09:06]} 59. Ne2+ {[%clk 0:02:21]} Ke3 {[%clk 0:09:04]} 60. Ng1
{[%clk 0:01:48]} Ra2+ {[%clk 0:08:56]} 61. Kg3 {[%clk 0:01:59]} Ra1
{[%clk 0:08:53]}  0-1

[Event "Prague Open 2022 - A IM Open"]
[Site "Olympik hotel, Prague"]
[Date "2022.01.07"]
[Round "1"]
[Board "13"]
[White "Hrabusa, Matej"]
[Black "Sosovickova, Jana"]
[Result "1-0"]
[WhiteElo "2364"]
[BlackElo "1974"]
[PlyCount "0"]
[EventDate "2022.01.07"]
[EventRounds "9"]
[EventCountry "CZE"]

1. d4 {[%clk 1:30:56]} d5 {[%clk 1:30:55]} 2. Nf3 {[%clk 1:31:16]} Nf6
{[%clk 1:31:07]} 3. Bg5 {[%clk 1:30:42]} e6 {[%clk 1:29:34]} 4. e3
{[%clk 1:30:52]} Be7 {[%clk 1:29:18]} 5. Nbd2 {[%clk 1:31:09]} Nbd7
{[%clk 1:28:28]} 6. Bd3 {[%clk 1:31:07]} b6 {[%clk 1:27:02]} 7. Ne5
{[%clk 1:27:21]} Nxe5 {[%clk 1:22:56]} 8. dxe5 {[%clk 1:27:45]} Nd7
{[%clk 1:23:00]} 9. Bf4 {[%clk 1:25:31]} Bb7 {[%clk 1:20:43]} 10. h4
{[%clk 1:23:54]} Nc5 {[%clk 1:14:11]} 11. Bb5+ {[%clk 1:22:26]} c6
{[%clk 1:14:02]} 12. Bf1 {[%clk 1:21:50]} Qc7 {[%clk 1:07:29]} 13. Qg4
{[%clk 1:19:47]} g6 {[%clk 1:04:43]} 14. h5 {[%clk 1:17:47]} O-O-O
{[%clk 1:04:04]} 15. O-O-O {[%clk 1:16:09]} g5 {[%clk 0:57:13]} 16. Bh2
{[%clk 1:12:52]} h6 {[%clk 0:56:59]} 17. Kb1 {[%clk 1:06:15]} Kb8
{[%clk 0:53:17]} 18. Be2 {[%clk 1:03:38]} Ka8 {[%clk 0:51:15]} 19. Rhf1
{[%clk 1:02:16]} Rhg8 {[%clk 0:49:14]} 20. Qh3 {[%clk 0:57:23]} Qc8
{[%clk 0:43:36]} 21. f4 {[%clk 0:53:37]} f5 {[%clk 0:29:44]} 22. g4
{[%clk 0:48:55]} Rdf8 {[%clk 0:27:32]} 23. Rf2 {[%clk 0:45:33]} Ne4
{[%clk 0:24:23]} 24. Nxe4 {[%clk 0:44:30]} fxe4 {[%clk 0:24:26]} 25. f5
{[%clk 0:38:58]} Rf7 {[%clk 0:23:36]} 26. c4 {[%clk 0:35:13]} Bc5
{[%clk 0:20:02]} 27. cxd5 {[%clk 0:29:57]} cxd5 {[%clk 0:19:49]} 28. Rc1
{[%clk 0:30:12]} Qd7 {[%clk 0:18:22]} 29. fxe6 {[%clk 0:28:47]} Qxe6
{[%clk 0:18:00]} 30. Rf5 {[%clk 0:28:41]} Rgf8 {[%clk 0:17:08]} 31. Rcf1
{[%clk 0:27:33]} Bc6 {[%clk 0:13:29]} 32. Qg3 {[%clk 0:25:12]} Be8
{[%clk 0:10:33]} 33. Rxf7 {[%clk 0:21:50]} Rxf7 {[%clk 0:10:08]} 34. Rf6
{[%clk 0:22:05]} Rxf6 {[%clk 0:09:29]} 35. exf6 {[%clk 0:22:29]} Qc8
{[%clk 0:09:38]} 36. Qe5 {[%clk 0:19:04]} Bf7 {[%clk 0:08:17]} 37. Ba6
{[%clk 0:16:02]} Qd8 {[%clk 0:07:33]} 38. a4 {[%clk 0:10:53]} Bxe3
{[%clk 0:02:42]} 39. Bb5 {[%clk 0:10:09]} Kb7 {[%clk 0:01:43]} 40. Qe7+
{[%clk 0:10:15]} Qxe7 {[%clk 0:01:09]} 41. fxe7 {[%clk 0:10:38]} Bd4
{[%clk 0:00:39]} 42. e8=Q {[%clk 0:09:32]} Bxe8 {[%clk 0:00:58]} 43. Bxe8
{[%clk 0:09:56]} a6 {[%clk 0:00:46]} 44. Kc2 {[%clk 0:09:10]} Bg7
{[%clk 0:29:22]} 45. b4 {[%clk 0:38:18]} b5 {[%clk 0:27:08]} 46. axb5
{[%clk 0:37:26]} axb5 {[%clk 0:27:20]} 47. Bxb5 {[%clk 0:37:40]} d4
{[%clk 0:27:04]} 48. Be8 {[%clk 0:33:47]} Kb6 {[%clk 0:25:03]} 49. Bg6
{[%clk 0:33:44]} e3 {[%clk 0:25:05]} 50. Kd3 {[%clk 0:33:48]} Kb5
{[%clk 0:25:17]} 51. Bd6 {[%clk 0:34:00]}  1-0

[Event "Prague Open 2022 - A IM Open"]
[Site "Olympik hotel, Prague"]
[Date "2022.01.07"]
[Round "1"]
[Board "17"]
[White "Kulhanek, Tomas"]
[Black "Azhar, Puteri Rifqah Fahada"]
[Result "1/2-1/2"]
[WhiteElo "2324"]
[BlackElo "1939"]
[PlyCount "0"]
[EventDate "2022.01.07"]
[EventRounds "9"]
[EventCountry "CZE"]

1. e4 {[%clk 1:27:09]} c5 {[%clk 1:30:33]} 2. Nc3 {[%clk 1:27:11]} e6
{[%clk 1:29:26]} 3. g3 {[%clk 1:26:34]} d6 {[%clk 1:28:45]} 4. Bg2
{[%clk 1:26:49]} a6 {[%clk 1:28:36]} 5. d3 {[%clk 1:26:40]} Nf6 {[%clk 1:28:31]}
6. f4 {[%clk 1:26:44]} Qc7 {[%clk 1:27:20]} 7. a4 {[%clk 1:25:57]} Be7
{[%clk 1:26:17]} 8. Nf3 {[%clk 1:26:08]} Nc6 {[%clk 1:26:03]} 9. O-O
{[%clk 1:26:18]} Rb8 {[%clk 1:25:17]} 10. h3 {[%clk 1:25:30]} b5 {[%clk 1:22:46]}
11. axb5 {[%clk 1:25:30]} axb5 {[%clk 1:23:08]} 12. g4 {[%clk 1:22:13]} b4
{[%clk 1:17:12]} 13. Ne2 {[%clk 1:22:27]} O-O {[%clk 1:15:45]} 14. Be3
{[%clk 1:17:40]} Bb7 {[%clk 1:06:19]} 15. b3 {[%clk 1:15:12]} d5 {[%clk 0:56:50]}
16. g5 {[%clk 1:10:52]} Nd7 {[%clk 0:56:05]} 17. exd5 {[%clk 1:08:03]} exd5
{[%clk 0:56:25]} 18. Ng3 {[%clk 1:07:57]} d4 {[%clk 0:52:56]} 19. Bd2
{[%clk 1:07:11]} Rfe8 {[%clk 0:52:33]} 20. Ne4 {[%clk 0:53:30]} f5
{[%clk 0:41:54]} 21. Ng3 {[%clk 0:49:59]} g6 {[%clk 0:41:48]} 22. h4
{[%clk 0:45:36]} Bd6 {[%clk 0:40:37]} 23. Ne1 {[%clk 0:45:24]} Ne7
{[%clk 0:38:35]} 24. Ra7 {[%clk 0:39:50]} Qb6 {[%clk 0:37:44]} 25. Qa1
{[%clk 0:30:50]} Bxg2 {[%clk 0:35:10]} 26. Nxg2 {[%clk 0:29:45]} Qc6
{[%clk 0:33:50]} 27. Qd1 {[%clk 0:20:21]} Rb7 {[%clk 0:26:59]} 28. Rxb7
{[%clk 0:18:22]} Qxb7 {[%clk 0:27:22]} 29. Qe2 {[%clk 0:18:19]} Qd5
{[%clk 0:26:42]} 30. Re1 {[%clk 0:17:25]} Nb6 {[%clk 0:22:59]} 31. h5
{[%clk 0:09:41]}  1/2-1/2

[Event "Prague Open 2022 - A IM Open"]
[Site "Olympik hotel, Prague"]
[Date "2022.01.07"]
[Round "1"]
[Board "18"]
[White "Kvendseth, Thyra"]
[Black "Lim, Zhuo Ren"]
[Result "0-1"]
[WhiteElo "1939"]
[BlackElo "2311"]
[PlyCount "0"]
[EventDate "2022.01.07"]
[EventRounds "9"]
[EventCountry "CZE"]

1. Nf3 {[%clk 1:30:56]} Nf6 {[%clk 1:30:36]} 2. d4 {[%clk 1:31:16]} c5
{[%clk 1:30:05]} 3. d5 {[%clk 1:31:15]} e6 {[%clk 1:30:12]} 4. c4
{[%clk 1:30:56]} exd5 {[%clk 1:30:11]} 5. cxd5 {[%clk 1:31:20]} d6
{[%clk 1:30:31]} 6. Nc3 {[%clk 1:29:52]} g6 {[%clk 1:30:49]} 7. g3
{[%clk 1:29:31]} Bg7 {[%clk 1:31:05]} 8. Bg2 {[%clk 1:29:34]} O-O
{[%clk 1:31:20]} 9. O-O {[%clk 1:29:29]} Re8 {[%clk 1:31:41]} 10. Bf4
{[%clk 1:26:16]} Ne4 {[%clk 1:32:01]} 11. Nxe4 {[%clk 1:24:53]} Rxe4
{[%clk 1:32:22]} 12. Nd2 {[%clk 1:25:14]} Rxf4 {[%clk 1:32:44]} 13. gxf4
{[%clk 1:25:39]} Bxb2 {[%clk 1:33:08]} 14. Rb1 {[%clk 1:25:32]} Bg7
{[%clk 1:33:30]} 15. e4 {[%clk 1:11:32]} Nd7 {[%clk 1:32:52]} 16. Nc4
{[%clk 1:05:58]} Nb6 {[%clk 1:29:22]} 17. Nxb6 {[%clk 0:43:28]} axb6
{[%clk 1:29:46]} 18. Qb3 {[%clk 0:43:37]} Bh6 {[%clk 1:29:56]} 19. Qg3
{[%clk 0:32:13]} Ra5 {[%clk 1:13:59]} 20. Rfe1 {[%clk 0:28:44]} b5
{[%clk 1:02:57]} 21. Rb2 {[%clk 0:20:35]} Bd7 {[%clk 0:58:58]} 22. e5
{[%clk 0:16:17]} Ra4 {[%clk 0:58:09]} 23. Be4 {[%clk 0:14:34]} f5
{[%clk 0:55:17]} 24. e6 {[%clk 0:11:37]} fxe4 {[%clk 0:38:27]} 25. Qh3
{[%clk 0:10:14]} Bg7 {[%clk 0:38:13]} 26. Rbe2 {[%clk 0:04:44]} Be8
{[%clk 0:37:54]} 27. Rxe4 {[%clk 0:04:18]} Rxe4 {[%clk 0:37:37]} 28. Rxe4
{[%clk 0:04:43]} Qe7 {[%clk 0:37:46]} 29. Qg4 {[%clk 0:03:25]} b4
{[%clk 0:37:11]} 30. h4 {[%clk 0:02:34]} h5 {[%clk 0:36:53]} 31. Qh3
{[%clk 0:02:28]} Kh7 {[%clk 0:36:51]} 32. Re3 {[%clk 0:02:07]} Bf6
{[%clk 0:36:01]} 33. f5 {[%clk 0:01:30]} Bxh4 {[%clk 0:35:58]} 34. fxg6+
{[%clk 0:01:00]} Bxg6 {[%clk 0:36:20]} 35. f4 {[%clk 0:01:11]} c4
{[%clk 0:34:14]} 36. Rf3 {[%clk 0:00:44]} Be4 {[%clk 0:33:38]} 37. Re3
{[%clk 0:01:13]} Qg7+ {[%clk 0:27:24]} 38. Rg3 {[%clk 0:00:39]} Qxg3+
{[%clk 0:27:27]}  0-1

[Event "Prague Open 2022 - A IM Open"]
[Site "Olympik hotel, Prague"]
[Date "2022.01.07"]
[Round "1"]
[Board "23"]
[White "Macicek, Jakub"]
[Black "Rousek, Jan"]
[Result "0-1"]
[WhiteElo "2259"]
[BlackElo "1896"]
[PlyCount "0"]
[EventDate "2022.01.07"]
[EventRounds "9"]
[EventCountry "CZE"]

1. d4 {[%clk 1:30:55]} Nf6 {[%clk 1:30:27]} 2. c4 {[%clk 1:31:17]} g6
{[%clk 1:30:32]} 3. Nc3 {[%clk 1:31:25]} d5 {[%clk 1:29:52]} 4. cxd5
{[%clk 1:31:41]} Nxd5 {[%clk 1:30:10]} 5. Bd2 {[%clk 1:31:56]} Bg7
{[%clk 1:20:53]} 6. e4 {[%clk 1:32:13]} Nxc3 {[%clk 1:20:33]} 7. Bxc3
{[%clk 1:32:36]} O-O {[%clk 1:12:57]} 8. Nf3 {[%clk 1:31:56]} c5 {[%clk 1:10:10]}
9. d5 {[%clk 1:29:48]} e6 {[%clk 1:03:34]} 10. Bc4 {[%clk 1:07:50]} Bxc3+
{[%clk 0:51:48]} 11. bxc3 {[%clk 1:08:14]} exd5 {[%clk 0:51:38]} 12. Bxd5
{[%clk 1:08:28]} Qc7 {[%clk 0:41:01]} 13. Qd2 {[%clk 0:56:17]} Kg7
{[%clk 0:37:28]} 14. h4 {[%clk 0:54:26]} h5 {[%clk 0:36:22]} 15. Ng5
{[%clk 0:50:25]} Nc6 {[%clk 0:28:13]} 16. O-O {[%clk 0:46:03]} f6
{[%clk 0:25:50]} 17. Nf3 {[%clk 0:45:34]} b6 {[%clk 0:18:45]} 18. e5
{[%clk 0:36:23]} Ba6 {[%clk 0:11:14]} 19. exf6+ {[%clk 0:23:09]} Rxf6
{[%clk 0:11:26]} 20. Rfd1 {[%clk 0:22:23]} Rd8 {[%clk 0:10:39]} 21. Qe3
{[%clk 0:17:35]} Rfd6 {[%clk 0:08:31]} 22. Ng5 {[%clk 0:14:16]} Bc8
{[%clk 0:05:57]} 23. c4 {[%clk 0:13:47]} Rf6 {[%clk 0:01:03]} 24. Re1
{[%clk 0:09:03]} Rdf8 {[%clk 0:00:32]} 25. Re2 {[%clk 0:07:55]} Qd6
{[%clk 0:00:34]} 26. Bxc6 {[%clk 0:06:36]} Qxc6 {[%clk 0:00:47]} 27. Qe7+
{[%clk 0:07:01]} R6f7 {[%clk 0:00:36]} 28. Nxf7 {[%clk 0:07:22]} Rxf7
{[%clk 0:00:59]} 29. Qe5+ {[%clk 0:07:21]} Qf6 {[%clk 0:01:03]} 30. Rae1
{[%clk 0:06:16]} Qxe5 {[%clk 0:01:14]} 31. Rxe5 {[%clk 0:06:40]} Kf6
{[%clk 0:01:39]} 32. f3 {[%clk 0:04:07]} Rd7 {[%clk 0:00:35]} 33. Rd5
{[%clk 0:03:32]} Rc7 {[%clk 0:00:59]} 34. Rd6+ {[%clk 0:03:21]} Kf7
{[%clk 0:01:18]} 35. Kf2 {[%clk 0:03:17]} Bd7 {[%clk 0:00:50]} 36. Re5
{[%clk 0:02:37]} Bf5 {[%clk 0:00:36]} 37. Ke3 {[%clk 0:02:10]} Bb1
{[%clk 0:00:34]} 38. a3 {[%clk 0:02:28]} Ba2 {[%clk 0:00:38]} 39. Kd3
{[%clk 0:02:45]} Bb1+ {[%clk 0:00:43]} 40. Kc3 {[%clk 0:03:09]} Bf5
{[%clk 0:00:46]} 41. a4 {[%clk 0:03:15]} Rb7 {[%clk 0:27:50]} 42. a5
{[%clk 0:25:04]} Bc8 {[%clk 0:26:24]} 43. Rg5 {[%clk 0:24:02]} Be6
{[%clk 0:25:49]} 44. a6 {[%clk 0:23:10]} Rc7 {[%clk 0:24:48]} 45. g4
{[%clk 0:23:08]} hxg4 {[%clk 0:24:34]} 46. fxg4 {[%clk 0:23:33]} Kf6
{[%clk 0:23:03]} 47. Rd8 {[%clk 0:22:11]} Rh7 {[%clk 0:22:27]} 48. Rf8+
{[%clk 0:21:23]} Kg7 {[%clk 0:01:30]} 49. Re8 {[%clk 0:16:27]} Kf7
{[%clk 0:00:40]} 50. Rxe6 {[%clk 0:16:48]} Kxe6 {[%clk 0:01:08]} 51. Rxg6+
{[%clk 0:17:11]} Ke5 {[%clk 0:00:38]} 52. h5 {[%clk 0:17:35]} Rf7
{[%clk 0:00:52]} 53. h6 {[%clk 0:17:14]} Rf3+ {[%clk 0:01:17]} 54. Kd2
{[%clk 0:17:01]} Rh3 {[%clk 0:00:31]} 55. g5 {[%clk 0:16:25]} Kd4
{[%clk 0:00:39]} 56. Rd6+ {[%clk 0:09:34]} Kxc4 {[%clk 0:01:00]} 57. Rxb6
{[%clk 0:08:52]} axb6 {[%clk 0:00:32]} 58. a7 {[%clk 0:09:15]} Rd3+
{[%clk 0:00:35]} 59. Kc2 {[%clk 0:09:19]} Rd8 {[%clk 0:00:58]} 60. g6
{[%clk 0:09:44]} b5 {[%clk 0:00:33]} 61. g7 {[%clk 0:10:05]} b4 {[%clk 0:00:52]}
62. h7 {[%clk 0:10:27]} b3+ {[%clk 0:01:14]} 63. Kb2 {[%clk 0:07:14]} Rd2+
{[%clk 0:01:19]} 64. Kc1 {[%clk 0:07:40]} Kc3 {[%clk 0:01:33]} 65. h8=Q
{[%clk 0:08:04]} b2+ {[%clk 0:01:44]} 66. Kb1 {[%clk 0:08:31]} Rd1+
{[%clk 0:02:05]} 67. Ka2 {[%clk 0:08:58]} Ra1#  0-1